00864nas a2200241 450000500170000000800410001702200130005808200460007110000330011710000390015010000310018924501490022026000150036926000320038426000090041630000190042544000270044465000150047165000290048665000170051565000250053277300650055720190219182741.0190219b xxu||||| |||| 00| 0 spa d a16593359 aTEC Empresarial Vol. 12, Número 3, 2019 aArgandoña Gómez, Fabiola aPersico Jiménez, María Cecilia aVisic Matulic, Ana María aEstudio de casos: una metodología de enseñanza en la educación superior para la adquisición de competencias integradoras y emprendedoras aCosta Rica bTecnológica de Costa Rica c2019 a7-16 páginas aTEC Empresarialn3v12 aCOSTA RICA aMÉTODOS DE ENSEÑANZA aCOMPETENCIAS aEDUCACIÓN SUPERIOR0 08043abdCosta RicaoTE19312tTEC Empresarialwx16592395z